| 000 | 00606nam a22001817a 4500 | ||
|---|---|---|---|
| 008 | 161007b xxu||||| |||| 00| 0 eng d | ||
| 020 | _a9781416601524 | ||
| 050 | _aLB 1027 .S685 2005 | ||
| 100 | _aSprenger,Marilee | ||
| 245 |
_aHow to teach so students remember/ _cMarilee Sprenger |
||
| 260 |
_aAlexandria, Va. : _b Association for Supervision and Curriculum Development, _cc2005 |
||
| 300 |
_avii, 205p. : _bill. ; _c18cm |
||
| 500 | _aIncludes references and index. | ||
| 650 | _aTeaching | ||
| 650 | _aLearning | ||
| 650 | _aMemory | ||
| 942 |
_2lcc _cBOOKS _hLB 1027 .S685 2005 |
||
| 999 |
_c14717 _d14717 |
||